The Empress of Indraprastha: (Record no. 206040)

MARC details
000 -LEADER
fixed length control field 00654nam a22001937a 4500
005 - DATE AND TIME OF LATEST TRANSACTION
control field 20241001123012.0
010 ## - LCCN (DPL NO)
LC control number ENG-141848
020 ## - INTERNATIONAL STANDARD BOOK NUMBER
International Standard Book Number 9789393757234
Terms of availability 200.00
035 ## - SYSTEM CONTROL NUMBER
System control number EN-125380
037 ## - SOURCE OF ACQUISITION
Source of stock number/acquisition DBAD
082 ## - DEWEY DECIMAL CLASSIFICATION NUMBER
Classification number 230.2
Edition number 1
100 ## - MAIN ENTRY--PERSONAL NAME
Personal name Raje, Sonali
245 ## - TITLE STATEMENT
Title The Empress of Indraprastha:
Remainder of title Entering Kuruvansh/
Statement of responsibility, etc By Sonali Raje
250 ## - EDITION STATEMENT
Edition statement 1
260 ## - PUBLICATION, DISTRIBUTION, ETC. (IMPRINT)
Name of publisher, distributor, etc Vishwakarma Publications
Date of publication, distribution, etc 2022
Place of publication, distribution, etc Maharashtra
270 ## - ADDRESS
Address 34A/1, Suyog Center, 7th floor, Gultekedi Marketyard Road, Giridhar Bhavan Chowk,
Postal code 411037
City Pune
Electronic mail address info@vpindia.co.in
Telephone number 9168682200
300 ## - PHYSICAL DESCRIPTION
Extent 142p.
Dimensions 22cm (pb)
942 ## - ADDED ENTRY ELEMENTS (KOHA)
Source of classification or shelving scheme Dewey Decimal Classification
Item type English Books
Classification part 230.2
Call number suffix RAJ
Holdings
Withdrawn status Lost status Not for loan Collection code Home library Current library Date acquired Source of acquisition Cost, normal purchase price Full call number Barcode Copy number Cost, replacement price Koha item type
      Non-fiction Patel Nagar Patel Nagar 01/10/2024 Delivery of Books Act Division 200.00 230.2 RAJ EN-125380 1 200.00 English Books

© Delhi Public Library
Hit Counter
free hit counter